01023 a2200193 45000010006000000050017000060080041000230030015000640400040000790800083001192450047002022500012002492640034002613000025002955050442003201000020007627000023007827000024008052407920260407155526.0260407a1994 arg spa dAR-UNSa-BCEJYS aAR-UNSa-BCEJYSbspacAR-UNSa-BCEJYS a658.15xAdministración financiera privada. Gestión financiera de empresas 10aFundamentos de administración financiera a10a. ed 1aMéxico :bMcGraw-Hillc1994 axxv, 1148 p.c25 cm. a1. Introducción a la administración finaciera - 2. Conceptos fundamentales de la administración financiera - 3. El pronostico fiananciero, la planeación y el control - 4. Administración del capital de trabajo - 5. Decisiones estratégicas de inversión a largo plazo: el presupuesto de capital - 6. Costo de de capital, apalancamiento y política de dividendos - 7. Decisiones estratégica de financiamiento a largo plazo 1 aWeston, J. Ferd1 aBrigham, Eugene F.1 aGómez Mont, Jaime